Alle Gruppen der EM 2024 nach dem 2. Spieltag - Statistiken

Allgemein
  • Dieses Quiz wurde 81 mal gespielt
  • Das Durchschnittsergebnis liegt bei 20 aus 24
Antwortstatistiken
Gruppe Punkte Tordifferenz Nation % Korrekt
A 6 7:1 | 6 Deutschland
99%
A 1 2:6 | -4 Schottland
93%
A 4 4:2 | 2 Schweiz
93%
A 0 1:5 | -4 Ungarn
93%
B 6 4:0 | 4 Spanien
92%
B 3 2:2 | 0 Italien
89%
B 1 3:4 | -1 Albanien
88%
C 4 2:1 | 1 England
88%
B 1 2:5 | -3 Kroatien
88%
D 4 2:1 | 1 Niederlande
85%
C 2 2:2 | 0 Slowenien
85%
C 2 2:2 | 0 Dänemark
84%
D 4 1:0 | 1 Frankreich
82%
F 6 5:1 | 4 Portugal
82%
C 1 1:2 | -1 Serbien
82%
F 3 3:4 | -1 Türkei
82%
E 3 2:1 | 1 Belgien
81%
F 1 2:4 | -2 Georgien
81%
D 3 3:2 | 1 Österreich
81%
E 3 2:4 | -2 Ukraine
81%
E 3 3:2 | 1 Rumänien
79%
E 3 2:2 | 0 Slowakei
79%
F 1 2:3 | -1 Tschechien
79%
D 0 2:5 | -3 Polen
78%
Keine übereinstimmenden Quizze gefunden
Verteilung der Resultate
Anzahl Personen mit jedem Resultat
Perzentil nach korrekt beantworteten Fragen
Ihre Resultats-Entwicklung
Sie haben dieses Quiz noch nicht gespielt